<?xml version="1.0" encoding="UTF-8"?>
<record
    xmlns:xsi="http://www.w3.org/2001/XMLSchema-instance"
    xsi:schemaLocation="http://www.loc.gov/MARC21/slim http://www.loc.gov/standards/marcxml/schema/MARC21slim.xsd"
    xmlns="http://www.loc.gov/MARC21/slim">

  <leader>01346nam a22002057a 4500</leader>
  <controlfield tag="001">10021</controlfield>
  <controlfield tag="003">FISKH</controlfield>
  <controlfield tag="005">20260401113035.0</controlfield>
  <controlfield tag="008">260330b        cb ||||| |||| 00| 0 eng d</controlfield>
  <datafield tag="020" ind1=" " ind2=" ">
    <subfield code="a">9787517605737</subfield>
  </datafield>
  <datafield tag="040" ind1=" " ind2=" ">
    <subfield code="a">FISKH</subfield>
    <subfield code="b">chi </subfield>
    <subfield code="c">FISKH</subfield>
    <subfield code="d">FISKH</subfield>
  </datafield>
  <datafield tag="082" ind1=" " ind2=" ">
    <subfield code="a">843</subfield>
  </datafield>
  <datafield tag="100" ind1=" " ind2=" ">
    <subfield code="a">&#x5B89;&#x6258;&#x4E07;&#xB7;&#x5FB7;&#xB7;&#x5723;-&#x57C3;&#x514B;&#x82CF;&#x4F69;&#x91CC;</subfield>
  </datafield>
  <datafield tag="245" ind1=" " ind2=" ">
    <subfield code="a">&#x300A;&#x62D6;&#x8F66;&#x300B;/</subfield>
    <subfield code="c">&#x5B89;&#x6258;&#x4E07;&#xB7;&#x5FB7;&#xB7;&#x5723;-&#x57C3;&#x514B;&#x82CF;&#x4F69;&#x91CC;</subfield>
  </datafield>
  <datafield tag="300" ind1=" " ind2=" ">
    <subfield code="a">10 unnumbered pages : </subfield>
    <subfield code="b">color illustrations ;</subfield>
    <subfield code="c">15 cm . </subfield>
  </datafield>
  <datafield tag="520" ind1=" " ind2=" ">
    <subfield code="a">&#x6545;&#x4E8B;&#x8BB2;&#x8FF0;&#x4E86;&#x4E00;&#x4F4D;&#x98DE;&#x884C;&#x5458;&#x5728;&#x6492;&#x54C8;&#x62C9;&#x6C99;&#x6F20;&#x5760;&#x673A;&#x540E;&#xFF0C;&#x9047;&#x89C1;&#x4E86;&#x4E00;&#x4F4D;&#x6765;&#x81EA;&#x5916;&#x661F;&#x7403;&#x7684;&#x5C0F;&#x738B;&#x5B50;&#x3002;&#x5C0F;&#x738B;&#x5B50;&#x5411;&#x4ED6;&#x8BB2;&#x8FF0;&#x4E86;&#x81EA;&#x5DF1;&#x79BB;&#x5F00;&#x5BB6;&#x4E61;&#x3001;&#x6E38;&#x5386;&#x5404;&#x4E2A;&#x661F;&#x7403;&#x7684;&#x7ECF;&#x5386;&#x3002;&#x5728;&#x8FD9;&#x4E9B;&#x661F;&#x7403;&#x4E0A;&#xFF0C;&#x4ED6;&#x9047;&#x5230;&#x4E86;&#x56FD;&#x738B;&#x3001;&#x7231;&#x865A;&#x8363;&#x7684;&#x4EBA;&#x3001;&#x5546;&#x4EBA;&#x7B49;&#x5F62;&#x5F62;&#x8272;&#x8272;&#x7684;&#x201C;&#x5927;&#x4EBA;&#x201D;&#xFF0C;&#x8FD9;&#x4E9B;&#x4EBA;&#x7269;&#x53CD;&#x6620;&#x4E86;&#x6210;&#x4EBA;&#x4E16;&#x754C;&#x7684;&#x8352;&#x8C2C;&#x4E0E;&#x7A7A;&#x865A;&#x3002;

&#x6765;&#x5230;&#x5730;&#x7403;&#x540E;&#xFF0C;&#x5C0F;&#x738B;&#x5B50;&#x9047;&#x89C1;&#x4E86;&#x4E00;&#x53EA;&#x72D0;&#x72F8;&#x3002;&#x72D0;&#x72F8;&#x544A;&#x8BC9;&#x4ED6;&#xFF1A;&#x201C;&#x91CD;&#x8981;&#x7684;&#x4E1C;&#x897F;&#x7528;&#x773C;&#x775B;&#x662F;&#x770B;&#x4E0D;&#x89C1;&#x7684;&#xFF0C;&#x5FC5;&#x987B;&#x7528;&#x5FC3;&#x53BB;&#x770B;&#x3002;&#x201D;&#x8FD9;&#x53E5;&#x8BDD;&#x8BA9;&#x5C0F;&#x738B;&#x5B50;&#x660E;&#x767D;&#x4E86;&#x7231;&#x4E0E;&#x8D23;&#x4EFB;&#x7684;&#x771F;&#x6B63;&#x610F;&#x4E49;&#xFF0C;&#x4E5F;&#x8BA9;&#x4ED6;&#x66F4;&#x52A0;&#x601D;&#x5FF5;&#x81EA;&#x5DF1;&#x661F;&#x7403;&#x4E0A;&#x7684;&#x73AB;&#x7470;&#x3002;

&#x8FD9;&#x672C;&#x4E66;&#x901A;&#x8FC7;&#x7B80;&#x5355;&#x7684;&#x6545;&#x4E8B;&#xFF0C;&#x8868;&#x8FBE;&#x4E86;&#x5BF9;&#x7EAF;&#x771F;&#x3001;&#x53CB;&#x60C5;&#x548C;&#x7231;&#x7684;&#x73CD;&#x89C6;&#xFF0C;&#x540C;&#x65F6;&#x63D0;&#x9192;&#x4EBA;&#x4EEC;&#x4E0D;&#x8981;&#x5931;&#x53BB;&#x7AE5;&#x5FC3;&#xFF0C;&#x8981;&#x7528;&#x5FC3;&#x53BB;&#x611F;&#x53D7;&#x751F;&#x6D3B;&#x4E2D;&#x771F;&#x6B63;&#x91CD;&#x8981;&#x7684;&#x4E1C;&#x897F;&#x3002;</subfield>
  </datafield>
  <datafield tag="700" ind1=" " ind2=" ">
    <subfield code="a">&#x5B89;&#x6258;&#x4E07;&#xB7;&#x5FB7;&#xB7;&#x5723;-&#x57C3;&#x514B;&#x82CF;&#x4F69;&#x91CC;</subfield>
    <subfield code="e">Illustrator </subfield>
  </datafield>
  <datafield tag="942" ind1=" " ind2=" ">
    <subfield code="2">ddc</subfield>
    <subfield code="c">BOOK</subfield>
    <subfield code="n">0</subfield>
  </datafield>
  <datafield tag="999" ind1=" " ind2=" ">
    <subfield code="c">10021</subfield>
    <subfield code="d">10021</subfield>
  </datafield>
  <datafield tag="952" ind1=" " ind2=" ">
    <subfield code="0">0</subfield>
    <subfield code="1">0</subfield>
    <subfield code="2">ddc</subfield>
    <subfield code="4">0</subfield>
    <subfield code="7">0</subfield>
    <subfield code="8">REF</subfield>
    <subfield code="a">002</subfield>
    <subfield code="b">002</subfield>
    <subfield code="c">LSHTTP</subfield>
    <subfield code="d">2026-03-30</subfield>
    <subfield code="l">0</subfield>
    <subfield code="o">&#x5B89;&#x6258;&#x4E07;&#xB7;&#x5FB7;&#xB7;&#x5723;-&#x57C3;&#x514B;&#x82CF;&#x4F69;&#x91CC; 843</subfield>
    <subfield code="p">2026-0403</subfield>
    <subfield code="r">2026-03-30 13:58:00</subfield>
    <subfield code="w">2026-03-30</subfield>
    <subfield code="y">BK</subfield>
  </datafield>
</record>
